NLSUI OPAC header image

Inside the family - held business : A practical guide for entrepreneurs and their advisors (Record no. 5825)

MARC details
000 -LEADER
fixed length control field 00431nam a2200157Ia 4500
008 - FIXED-LENGTH DATA ELEMENTS--GENERAL INFORMATION
fixed length control field 160316s1986 xxu||||| |||| 00| 0 eng d
082 ## - DEWEY DECIMAL CLASSIFICATION NUMBER
Classification number 346.066807
Item number STE
100 ## - MAIN ENTRY--PERSONAL NAME
Personal name Stern Milton H
245 ## - TITLE STATEMENT
Title Inside the family - held business : A practical guide for entrepreneurs and their advisors
250 ## - EDITION STATEMENT
Edition statement
260 ## - PUBLICATION, DISTRIBUTION, ETC.
Place of publication, distribution, etc. New York
Name of publisher, distributor, etc. Law & Business Inc.
Date of publication, distribution, etc. 1986
300 ## - PHYSICAL DESCRIPTION
Extent 417p
Other physical details
Dimensions
365 ## - TRADE PRICE
Price amount Gratis
650 ## - SUBJECT ADDED ENTRY--TOPICAL TERM
Topical term or geographic name entry element
700 ## - ADDED ENTRY--PERSONAL NAME
Personal name
--
Holdings
Withdrawn status Lost status Damaged status Not for loan Home library Current library Shelving location Date acquired Total Checkouts Full call number Barcode Date last seen Price effective from Koha item type
        . . Library Compactors 30.05.2017   346.066807 STE 6018 30.05.2017 30.05.2017 BOOKs